000 00565nam a2200181Ia 4500
008 100917s9999 xx 000 0 und d
082 _b44791
100 _aकुलकर्णी द. भि.
245 _aतिसर्यांदा रणांगण
260 _bविजय प्रकाशन
_c1976
300 _a162
365 _b16
520 _aनिबंध
630 _aतिसर्यांदा रणांगण
650 _aनिबंध
730 _aतिसर्यांदा रणांगण
942 _cBOOK
999 _c650185
_d650182